You wouldn't want to be a Mammoth hunter!: (Record no. 8883)
[ view plain ]
| 000 -LEADER | |
|---|---|
| fixed length control field | 00812nam a22002417a 4500 |
| 001 - CONTROL NUMBER | |
| control field | 8883 |
| 003 - CONTROL NUMBER IDENTIFIER | |
| control field | FISKH |
| 005 - DATE AND TIME OF LATEST TRANSACTION | |
| control field | 20251210151726.0 |
| 008 - FIXED-LENGTH DATA ELEMENTS--GENERAL INFORMATION | |
| fixed length control field | 251028b cb ||||| |||| 00| 0 eng d |
| 020 ## - INTERNATIONAL STANDARD BOOK NUMBER | |
| International Standard Book Number | 9780531163979 |
| 040 ## - CATALOGING SOURCE | |
| Original cataloging agency | FISKH |
| Language of cataloging | eng |
| Transcribing agency | FISKH |
| Modifying agency | FISKH |
| 050 ## - LIBRARY OF CONGRESS CALL NUMBER | |
| Classification number | GN799.H84 M35 |
| 082 ## - DEWEY DECIMAL CLASSIFICATION NUMBER | |
| Classification number | 306.364 |
| 100 ## - MAIN ENTRY--PERSONAL NAME | |
| Personal name | Malam, John |
| 245 ## - TITLE STATEMENT | |
| Title | You wouldn't want to be a Mammoth hunter!: |
| Remainder of title | Dangerous Beasts you'd rather not encounter/ |
| Statement of responsibility, etc. | Written by John Malam ; Illustrated by David Antram |
| 260 ## - PUBLICATION, DISTRIBUTION, ETC. | |
| Place of publication, distribution, etc. | New York : |
| Name of publisher, distributor, etc. | Scholastic, |
| Date of publication, distribution, etc. | 2004. |
| 300 ## - PHYSICAL DESCRIPTION | |
| Extent | 32 pages : color illustrations ; 24 cm |
| 520 ## - SUMMARY, ETC. | |
| Summary, etc. | Describes the hazards of human life during the ice age. |
| 650 ## - SUBJECT ADDED ENTRY--TOPICAL TERM | |
| Topical term or geographic name entry element | Cave painting |
| Form subdivision | Picture Books |
| General subdivision | Other Animals |
| 700 ## - ADDED ENTRY--PERSONAL NAME | |
| Personal name | Antram, David |
| Relator term | illustrator |
| 942 ## - ADDED ENTRY ELEMENTS (KOHA) | |
| Source of classification or shelving scheme | Dewey Decimal Classification |
| Koha item type | Books |
| Suppress in OPAC | No |
| Withdrawn status | Lost status | Source of classification or shelving scheme | Damaged status | Not for loan | Collection | Home library | Current library | Shelving location | Date acquired | Total Checkouts | Full call number | Barcode | Date last seen | Copy number | Price effective from | Koha item type |
|---|---|---|---|---|---|---|---|---|---|---|---|---|---|---|---|---|
| Dewey Decimal Classification | Non-Fiction | Footprints International School Library Network Toul Tom Poung Campus | Footprints International School Library Network Toul Tom Poung Campus | TTP Secondary Non-Fiction Bookshelves | 10/28/2025 | MAL 306.364 GN799.H84 M35 | FIS04596 | 10/28/2025 | 1 | 10/28/2025 | Books |
